Online
Catalog

Migración caribeña & un capítulo haitiano / (Record no. 23808)

MARC details
000 -CABECERA
campo de control de longitud fija 01830nam a2200361 i 4500
001 - NÚMERO DE CONTROL
campo de control 000024315
003 - IDENTIFICADOR DEL NÚMERO DE CONTROL
campo de control DO-SdBNP
005 - FECHA Y HORA DE LA ÚLTIMA TRANSACCIÓN
campo de control 20251022120521.0
006 - CÓDIGOS DE INFORMACIÓN DE LONGITUD FIJA--CARACTERÍSTICAS DEL MATERIAL ADICIONAL
campo de control de longitud fija a||||gr|||| 00| 0
007 - CAMPO FIJO DE DESCRIPCIÓN FÍSICA--INFORMACIÓN GENERAL
campo de control de longitud fija ta
008 - DATOS DE LONGITUD FIJA--INFORMACIÓN GENERAL
campo de control de longitud fija 110126e1985 dr abc 000 e spa d
040 ## - FUENTE DE LA CATALOGACIÓN
Centro catalogador/agencia de origen DO-SdBNP
Lengua de catalogación spa
Centro/agencia transcriptor BNPHU
Normas de descripción rda
082 #4 - NÚMERO DE LA CLASIFICACIÓN DECIMAL DEWEY
Número de clasificación 304.8729407293
Número de documento/Ítem V476m
Número de edición 22
100 1# - ENTRADA PRINCIPAL--NOMBRE DE PERSONA
Nombre de persona Veras, Ramón Antonio
Término indicativo de función/relación autor
Código de función/relación autor.
9 (RLIN) 43284
245 10 - MENCIÓN DE TÍTULO
Título Migración caribeña & un capítulo haitiano /
Mención de responsabilidad, etc. Ramón Antonio Veras ; prólogo, Suzy Castor.
246 11 - FORMA VARIANTE DE TÍTULO
Título propio/Titulo breve Migración caribeña y un capítulo haitiano
264 #4 - PRODUCCIÓN, PUBLICACIÓN, DISTRIBUCIÓN, FABRICACIÓN Y COPYRIGHT
Producción, publicación, distribución, fabricación y copyright Santo Domingo :
Nombre del de productor, editor, distribuidor, fabricante Editora aller,
Fecha de producción, publicación, distribución, fabricación o copyright ©1985.
300 ## - DESCRIPCIÓN FÍSICA
Extensión 286 páginas :
Otras características físicas Ilustraciones, mapas, retratos ;
Dimensiones 23 cm.
336 ## - TIPO DE CONTENIDO
Término de tipo de contenido texto
Código de tipo de contenido txt
Fuente rdacontent
337 ## - TIPO DE MEDIO
Nombre/término del tipo de medio sin mediación
Código del tipo de medio n
Fuente rdamedia
338 ## - TIPO DE SOPORTE
Nombre/término del tipo de soporte volumen
Código del tipo de soporte nc
Fuente rdacarrier
490 ## - MENCIÓN DE SERIE
Mención de serie Colección Biblioteca Taller
Designación de volumen o secuencia 184
500 ## - NOTA GENERAL
Nota general Incluye bibliografía del autor en la contracubierta.
500 ## - NOTA GENERAL
Nota general Incluye referencias bibliogróficas y notas al pie de las páginas.
505 ## - NOTA DE CONTENIDO CON FORMATO
Nota de contenido con formato Prólogo--
Información miscelánea Introducción--
-- Los inmigrantes en nuestro continente--
Título La dominacicón extranjera. El desarrollo y la situación de los inmigrantes y la OIT. Discriminación contra los inmigrantes--
-- Algunas consideraciones sobre República Dominicana--
-- Consideraciones sobre Puerto Rico--
-- Inmigraciones ilegales--
-- Creación de organismos para controlar la inmigración--
-- seguridad social--
-- Conclusiones--
Información miscelánea Anexo--
Título Informe de la comisión de cuentas.
590 ## - NOTA LOCAL (RLIN)
Nota local Inventariado, 2024 / MF
651 #4 - PUNTO DE ACCESO ADICIONAL DE MATERIA--NOMBRE GEOGRÁFICO
Nombre geográfico República Dominicana
Subdivisión general Emigración e inmigración
9 (RLIN) 290
651 #0 - PUNTO DE ACCESO ADICIONAL DE MATERIA--NOMBRE GEOGRÁFICO
Nombre geográfico Caribe (Región)
Subdivisión general Emigración e inmigración
9 (RLIN) 87401
651 #4 - PUNTO DE ACCESO ADICIONAL DE MATERIA--NOMBRE GEOGRÁFICO
Nombre geográfico Emigración e inmigración
9 (RLIN) 49891
700 1# - PUNTO DE ACCESO ADICIONAL--NOMBRE DE PERSONA
Nombre de persona Castor, Suzy,
Término indicativo de función/relación prologuista
9 (RLIN) 5921
Código de función/relación pr.
910 ## - DATOS DE OPCIÓN DEL USUARIO (OCLC)
Datos de opción del usuario Validado. Control de calidad MFF
942 ## - ELEMENTOS DE PUNTO DE ACCESO ADICIONAL (KOHA)
Fuente del sistema de clasificación o colocación Dewey Decimal Classification
Tipo de ítem Koha Libro
Holdings
Estado de retiro Estado de pérdida Fuente del sistema de clasificación o colocación Restricciones de uso No para préstamo Código de colección Localización permanente Ubicación/localización actual Ubicación en estantería Fecha de adquisición Fuente de adquisición Total de préstamos Signatura topográfica completa Código de barras Fecha visto por última vez Número de copia Precio válido a partir de Tipo de ítem Koha Nota pública
  Extraviado Dewey Decimal Classification Préstamo en sala   Dominicana de Servicio Biblioteca Nacional Pedro Henríquez Ureña Biblioteca Nacional Pedro Henríquez Ureña Depósito 10.05.2018 Donado por la Presidencia de la República Dominicana 2023.   BNPHU DS 304.8729407293 V476m 2024-2005 25.06.2020 e.4 25.06.2020 Libro Perteneció a la biblioteca personal de Emilio Cordero Michel.
    Dewey Decimal Classification Excluido de préstamo   Patrimonio Dominicano Biblioteca Nacional Pedro Henríquez Ureña Biblioteca Nacional Pedro Henríquez Ureña Depósito 25.08.1985 Depósito Legal   BNPHU PD 304.8729407293 V476m 24315-10 25.06.2020   25.06.2020 Libro  
    Dewey Decimal Classification Excluido de préstamo   Patrimonio Dominicano Biblioteca Nacional Pedro Henríquez Ureña Biblioteca Nacional Pedro Henríquez Ureña Depósito 01.02.2011 Deposito legal   BNPHU PD 304.8729407293 V476m 24315-20 25.06.2020 e. 2 25.06.2020 Libro  
    Dewey Decimal Classification Préstamo en sala   Dominicana de Servicio Biblioteca Nacional Pedro Henríquez Ureña Biblioteca Nacional Pedro Henríquez Ureña Extraviado 10.05.2018     BNPHU DS 304.8729407293 V476m 2024-2004 25.06.2020 e.3 25.06.2020 Libro  

Powered by Koha